MARC

LEADER 00000nam0a2200000 4500
001 244321
005 20231101232035.0
010 |b 300000 экз. 
035 |a (RuTPU)RU\TPU\book\265704 
090 |a 244321 
100 |a 20131021d1989 m y0rusy50 ca 
101 0 |a rus 
102 |a RU 
105 |a c z 000gb 
200 1 |a Возвращение  |f А. А. Галич  |g авт. предисл. и послесл. С. Рассадин ; худож. Э. Зарянский 
210 |a Ленинград  |c Киноцентр  |d 1989 
215 |a 319 с.  |c портр.  |d 13 см. 
600 1 |a Галич  |b А. А.  |g Александр Аркадьевич  |f 1918-1977  |c настоящая фамилия Гинзбург  |c русский поэт  |c драматург  |2 stltpush  |3 (RuTPU)RU\TPU\pers\7762 
610 1 |a советская литература 
610 1 |a поэзия 
610 1 |a стихи 
610 1 |a миниатюрные издания 
686 |a Ч611.68  |v LBC/SL-A  |2 rubbk 
700 1 |a Галич  |b А. А.  |c настоящая фамилия Гинзбург  |c русский поэт  |c драматург  |f 1918-1977  |g Александр Аркадьевич  |2 stltpush  |3 (RuTPU)RU\TPU\pers\7762  |9 1519 
702 1 |a Рассадин  |b С.  |g Станислав  |4 080 
702 1 |a Зарянский  |b Э.  |g Эдуард  |4 040 
801 1 |a RU  |b 63413507  |c 20131021 
942 |c BK